| 000 | 01163nam a2200265 a 4500 | ||
|---|---|---|---|
| 001 | BRCA_615 | ||
| 005 | 20190320203102.0 | ||
| 008 | 900508s1990 nyua---##b---#001-0#eng-# | ||
| 020 | _a0870995952 | ||
| 020 | _a0870995960 (pbk.) | ||
| 040 |
_aDLC _cDLC _dDLC |
||
| 050 | 4 |
_aN6550 _b.M48 1990 |
|
| 245 | 1 | 0 |
_aMexico _bsplendors of thirty centuries _cintroduction by Octavio Paz ; translations by Edith Grossman ... [et al.]. |
| 260 |
_aNueva York _bThe Metropolitan Museum of Art _c1990 |
||
| 300 |
_axv, 712 p. _bil. (algunas a color), mapas _c30 cm. |
||
| 500 | _aCatálogo de la exposición realizada en el Metropolitan Museum of Art (10 octubre 1990 - 13 enero 1991), en el San Antonio Museum of Art (6 abril - 4 agosto, 1991) y en los Angeles Country Museum of Art (6 octubre - 29 diciembre, 1991) | ||
| 500 | _aIncluye índice alfabético | ||
| 504 | _aBibliografía: p. 699-700 | ||
| 650 | 1 | 4 |
_aArte mexicano _xExposiciones _92101 |
| 650 | 1 | 4 |
_aArte indígena _xExposiciones _zMéxico _92102 |
| 650 | 1 | 4 |
_aIndígenas de México _vExposiciones _92103 |
| 700 | 1 |
_aPaz, Octavio _d1914-1998 _9563 |
|
| 700 | 1 |
_aGrossman, Edith ...[et al.] _92104 |
|
| 942 |
_2lcc _cB |
||
| 999 |
_c541 _d541 |
||